000 00512nam a2200169 i 4500
001 150930
003 ES-MaACL
005 20230906203750.0
007 t|
008 071120s1948 dk ||||1| eng d
100 1 _aBorum, V.
_930624
245 1 0 _aGreenland
_b: Denmark's colony /
_c[by V. Borum].
260 _aCopenhagen :
_bSchultz,
_c[1948]
300 _a15 p. :
_bil. ;
_c30 cm.
500 _aEn la port.: Reprint from Danish Foreign Office Journal ; 1948,1/2.
852 _aES-MaACL
_j1943-F-5
_bR.32477
999 _c150930
_d150930